01168nam a2200301Ia 4500001001200000003000800012006001900020007001500039008004100054020001500095020001800110020001800128040002100146035002100167050002800188100002500216245008100241260004600322300003200368504005100400533015200451650003800603651003400641655002900675710001700704856012600721999001900847ebr10572541CaPaEBRm u cr cn|||||||||110127s2012 enkab sb 001 0 eng d z1848852789 z9780857721303 z9781848852785 aCaPaEBRcCaPaEBR a(OCoLC)79842891314aDS247.A135bC666 2012eb1 aCommins, David Dean.14aThe Gulf Statesh[electronic resource] :ba modern history /cDavid Commins. aLondon ;aNew York :bI.B. Tauris,c2012. axiii, 318 p. :bill., maps. aIncludes bibliographical references and index. aElectronic reproduction.bPalo Alto, Calif. :cebrary,d2011.nAvailable via World Wide Web.nAccess may be limited to ebrary affiliated libraries. 0aInternational relationsxHistory. 0aPersian Gulf StatesxHistory. 7aElectronic books.2local2 aebrary, Inc.40uhttp://site.ebrary.com/lib/rucke/Doc?id=10572541zAn electronic book accessible through the World Wide Web; click to view c184123d184123